logo

Bir Sreshtho Munshi Abdur Rouf Library
Jhenaidah Cadet College

Software testing: (Record no. 11442)

MARC details
000 -LEADER
fixed length control field 00680nam a2200241 a 4500
001 - CONTROL NUMBER
JCCL Control Number 11442
003 - CONTROL NUMBER IDENTIFIER
JCCL marc code BD-JhCC
005 - DATE AND TIME OF LATEST TRANSACTION
control field 20190919113333.0
008 - FIXED-LENGTH DATA ELEMENTS--GENERAL INFORMATION
fixed length control field 190919s20002012II a|||| |||| 001 0 eng d
020 ## - INTERNATIONAL STANDARD BOOK NUMBER
International Standard Book Number 9780198061847
020 ## - INTERNATIONAL STANDARD BOOK NUMBER
International Standard Book Number 0198061846
035 ## - SYSTEM CONTROL NUMBER
system control number (BD-JhCC)11442
040 ## - CATALOGING SOURCE
Original cataloging agency BD-JhCC
Modifying agency BD-JhCC
041 ## - LANGUAGE CODE
Language code of Book eng
082 ## - DEWEY DECIMAL CLASSIFICATION NUMBER
Classification number 005.14
Author mark and Year CHA 2012
100 ## - MAIN ENTRY--PERSONAL NAME
Personal name Chauhan, Naresh
245 ## - TITLE STATEMENT
Title Software testing:
Remainder of title principles and practices /
Statement of responsibility, etc by Naresh Chauhan
260 ## - PUBLICATION, DISTRIBUTION, ETC. (IMPRINT)
Place of publication, distribution, etc New Delhi :
Name of publisher, distributor, etc Oxford Higher Education;
Date of publication, distribution, etc 2012.
300 ## - PHYSICAL DESCRIPTION
Pagination 611 p. :
Other physical details ill.;
Dimensions 23 cm.
504 ## - BIBLIOGRAPHY, ETC. NOTE
Bibliography, etc Includes Index and Bibliography.
650 ## - SUBJECT ADDED ENTRY--TOPICAL TERM
Topical term or geographic name as entry element Computer software--Testing
942 ## - ADDED ENTRY ELEMENTS (KOHA)
Source of classification or shelving scheme Dewey Decimal Classification
Koha item type Books
Holdings
Source of classification or shelving scheme Damaged status Not for loan Home library Current library Shelving location Date of accession Total Checkouts Full call number Barcode Date last seen Copy number Koha item type
Dewey Decimal Classification     JCC Rouf Library JCC Rouf Library General Stacks 06/03/2019   005.14 CHA 2012 15119 09/19/2019 C-1 Books

JCC Library | Contacts | JCC Home

Last Update on 23 September 2017
Copyright @ 2017-2020 JCC Rouf Library
Rouf Library, Jhenidah Cadet College (JCC), Bangladesh